LotR 3 word Return of the King quotes Quiz Stats

 Plays Quiz not verified by Sporcle

Challenge
Share
Tweet
Embed
Score 0/39 Timer 12:00
0 Plays Today
Quote Three Word Answer % Correct
'You cannot think that this Ranger will ever sit upon the ____ ____ _____'throne of Gondor
82.4%
'I think I’m quite ready ____ _____ _____'for another adventure
77%
'The ___ ____ ____! Gondor calls for aid.'Beacons are lit
75.9%
'Andúril, the Flame of the West, forged from the ____ ____ _____'shards of Narsil
75.1%
'I’m sorry uncle. I’m afraid___ ____ _____'I lost it
74.7%
'and the dead keep it. The____ ____ _____'way is shut
73.9%
'There never was much hope. Just ___ ____ ____'a fool’s hope
72.4%
'I’ve rationed it, there should be enough.' 'For what?' _____ _____ _____The journey home
71.6%
'The dead do not suffer the ____ ___ _____'living to pass
69%
'I hold your oath fulfilled. Go. ____ ____ _____'Be at peace
68.2%
'You wont kill many Orcs with a blunt blade. Come on. ____ ____ ____, go'To the smithy
66.3%
'I looked into your future and ____ ____ ____'I saw death
61.7%
'A mug of ale in my hand. Putting my feet up. .. .. .. after a _____ _____ _____'hard day’s work
59.8%
'Fear. The city is rank with it!. Let us ease their pain.____ ____ ____'Release the prisoners
59.8%
'An hour of woes and shattered shields when the ___ ___ ____ comes crashing down'age of men
54.8%
'Here, something for the road.' 'The last of ____ ____ ____'the Longbottom Leaf
53.6%
'We’re under orders from Treebeard who’s taken over ____ ____ ____'management of Isengard
53.3%
'Do you ___ ____ ____ when you see it, old man?'not know death
53.3%
'And Rohan will answer. _______ _____ ______'Muster the Rohirrim
52.5%
'I can see him with_____ _____ ______'my waking eyes
51.3%
Quote Three Word Answer % Correct
'You shall be Meriadoc, _____ _____ _____'esquire of Rohan
49.8%
'Mr Frodo, look! The King has got ____ _____ _____'a crown again
47.5%
'His defeat at Helm’s Deep showed our enemy one thing.He knows the ___ ___ ____ has come forth'Heir of Elendil
46%
'Sauron will not have forgotten the___ ____ ____'sword of Elendil
44.1%
'In Ithilien. Not two days ago. Gandalf, they’re taking the road to _____ _____ ______'the Morgul vale
40.2%
'Oaths you have taken. Now fulfil them all, to_____ _____ ______'Lord and Land
39.8%
'She jabs him with her stinger and he goes as limp as____ ___ ____'a boned fish
35.2%
'You sent the Ring of power into Mordor in the hands of____ ____ _____'a witless Halfling
33.3%
'It takes more to make a King than a ___ ____ _____'broken Elvish blade
31%
'White shores and beyond, a far green country under_____ _____ _____'a swift sunrise
30.3%
'I go to my fathers, in whose mighty company I shall not _____ _____ ______'now feel ashamed
30.3%
'“Murderer” they called us. They cursed us and ____ ____ ____'drove us away
26.8%
'Long have you hunted me. Long have ___ ____ ____. No more!'I eluded you
26.8%
'I’ve heard enough! Shoot him! Stick an arrow ____ ____ ____'in his gob
25.7%
'The stars are veiled. Something stirs in the East ___ _______ _______'a sleepless malice
25.3%
'I can’t manage the Ring Sam. It’s ___ ___ ____ 'to carrysuch a weight
21.1%
'And so the people of Gondor fell into ruin.The line of Kings failed. The______ _____ _____'white tree withered
19.9%
'The precious will be ours once the Hobbitses are dead!' SAM: You _______ ________ ________treacherous little toad
18.4%
'Stop your squealing ____ _____ ______'you dunghill rat
14.9%

You're not logged in!

Compare scores with friends on all Sporcle quizzes.
OR
Log In

You Might Also Like...

Show Comments

Extras

Top Quizzes Today


Score Distribution

Your Account Isn't Verified!

In order to create a playlist on Sporcle, you need to verify the email address you used during registration. Go to your Sporcle Settings to finish the process.

Report this User

Report this user for behavior that violates our Community Guidelines.

Details: